| 000 | 01024nam a2200277 a 4500 | ||
|---|---|---|---|
| 001 | 40773 | ||
| 003 | BD-RjUL | ||
| 005 | 20211209053258.0 | ||
| 008 | 160509s1969 enkb b 001 0 eng d | ||
| 020 | _a0269670246 | ||
| 035 | _a(BD-RjUL) 40888 | ||
| 040 |
_aBD-RjUL _beng _cBD-RjUL |
||
| 041 | 1 |
_aeng _hfre |
|
| 082 |
_223 _a309.1 _bMEM 1969 |
||
| 100 | 1 |
_aMercier Vega, Louis, _d1914-1977. _9125466 |
|
| 245 | 1 | 0 |
_aRoads to power in Latin America / _cLuis Mercier Vega ; translated by Robert Rowland |
| 260 |
_aLondon : _bPall Mall Press, _c1969 |
||
| 300 |
_a208 p. : _bmaps ; _c23 cm |
||
| 500 | _aOriginally published as Mécanismes du pouvoir en Amérique latine: Paris : Éditions Universitaires, 1967 | ||
| 504 | _aIncludes bibliographical references and index | ||
| 650 | 0 |
_aSocial classes _zLatin America _9125467 |
|
| 651 | 0 |
_aLatin America _xPolitics and government _9125468 |
|
| 651 | 0 |
_aLatin America _xSocial conditions _9125469 |
|
| 942 |
_2ddc _cBK |
||
| 999 |
_c40773 _d40773 |
||